Market concentration, contestability, and sunk costs.

Analýzy koncentrácie trhu pomocou teórie sporu, ktorá sa zakladá na rozličných vzorkách. Zavádza sa nový dôležitý determinant koncentrácie trhu. Premenné, určujúce spornosť trhu, sú v korelácii s koncentráciou trhu.

Saved in:
Bibliographic Details
Main Author: Kessides, I.N
Format: Book Chapter
Language:English
Subjects:
Tags: Add Tag
No Tags, Be the first to tag this record!

MARC

LEADER 00000naa a2200000 4500
001 r006606
005 20220819194246.0
041 0 |a eng 
044 |a US 
245 1 0 |a Market concentration, contestability, and sunk costs.  |c I.N. Kessides 
520 |a Analýzy koncentrácie trhu pomocou teórie sporu, ktorá sa zakladá na rozličných vzorkách. Zavádza sa nový dôležitý determinant koncentrácie trhu. Premenné, určujúce spornosť trhu, sú v korelácii s koncentráciou trhu. 
610 2 0 |a trh 
610 2 0 |a koncentrácia 
610 2 0 |a výskum ekonomický 
610 2 0 |a metódy matematicko-štatistické 
610 2 0 |a korelácia 
610 2 0 |a analýza trhu 
100 1 |a Kessides, I.N.